[Event "Keres Memorial rapi"]
[Site "?"]
[Date "1997.??.??"]
[Round "1"]
[White "Malisauskas Vidmantas"]
[Black "Andersson Ulf"]
[Result "1/2-1/2"]
[WhiteElo "2530"]
[BlackElo "2655"]
[PlyCount "75"]
[EventDate "1997.??.??"]
[Source "www.chesslib.no"]
[SourceDate "2004.05.04"]

1. e4 c5 2. Nf3 d6 3. d4 cxd4 4. Nxd4 Nf6 5. Nc3 e6 6. g3 Nc6 7. Bg2 Bd7 8. O-O Be7 9. Re1 O-O 10. Nxc6 Bxc6 11. e5 dxe5 12. Bxc6 bxc6 13. Rxe5 Nd5 14. Na4 Nb6 15. Nc3 Bf6 16. Re3 Nd5 17. Nxd5 cxd5 18. c3 Qb6 19. Re2 Rfc8 20. Be3 Qa6 21. Rd2 Rab8 22. Qe2 Qxe2 23. Rxe2 a5 24. a4 Rc4 25. Rd2 g5 26. h3 Kg7 27. Kf1 Kg6 28. Ke2 h5 29. Kd1 h4 30. g4 Be5 31. Kc2 Bf4 32. Rd4 Bxe3 33. fxe3 Rc6 34. Rd3 f6 35. Rg1 Rc4 36. Rd4 Rc7 37. Re4 Rc5 38. Rd4 1/2-1/2

[Event "Corr"]
[Site "?"]
[Date "1999.06.30"]
[Round "?"]
[White "Volchok Alexander"]
[Black "Brzozka Stefan (POL)"]
[Result "1-0"]
[WhiteElo "2602"]
[BlackElo "2570"]
[PlyCount "47"]
[EventDate "1999.??.??"]
[Source "www.chesslib.no"]
[SourceDate "2004.05.04"]

1. e4 c5 2. Nf3 d6 3. d4 cxd4 4. Nxd4 Nf6 5. Nc3 e6 6. g3 a6 7. Bg2 Qc7 8. O-O Be7 9. Be3 Nc6 10. Nxc6 bxc6 11. Na4 Bb7 12. c4 c5 13. Nc3 O-O 14. g4 e5 15. g5 Nd7 16. Qd3 Rad8 17. Rab1 Nb8 18. Nd5 Bxd5 19. exd5 Nd7 20. Bh3 Rb8 21. Bd2 a5 22. Kh1 Rb7 23. Rg1 Rfb8 24. g6 1-0

[Event "Jugoslavija"]
[Site "?"]
[Date "1999.??.??"]
[Round "?"]
[White "Damljanovic, B."]
[Black "Atalik, S."]
[Result "1/2-1/2"]
[WhiteElo "2550"]
[BlackElo "2595"]
[PlyCount "108"]
[EventDate "1999.??.??"]
[Source "Chess Informant"]
[SourceDate "1999.10.01"]

1. e4 c5 2. Nf3 d6 3. d4 cxd4 4. Nxd4 Nf6 5. Nc3 e6 6. g3 Nc6 7. Bg2 Bd7 8. O-O a6 9. Re1 Be7 10. Nxc6 Bxc6 11. a4 O-O 12. a5 Qc7 13. Be3 Rae8 14. Bb6 Qc8 15. Bd4 Nd7 16. Qg4 Bf6 17. Bxf6 Nxf6 18. Qf4 Rd8 19. Red1 Qc7 20. Rd3 Rd7 21. g4 e5 22. Qf5 h6 23. h4 Nh7 24. Qf3 Re8 25. Qg3 Re6 26. b3 Rg6 27. f3 Nf8 28. Kh2 Rd8 29. Rd2 Re6 30. Bf1 Ng6 31. Bc4 Ree8 32. g5 h5 33. Nd1 Nf4 34. Ne3 g6 35. Ng2 d5 36. exd5 Bxd5 37. Bxd5 Rxd5 38. Rxd5 Nxd5 39. c4 Nf4 40. Ra2 Rd8 41. Nxf4 exf4 42. Qe1 Rd3 43. Re2 Re3 44. Kg2 Rxe2+ 45. Qxe2 Qxa5 46. Qe8+ Kg7 47. Qe7 Qa2+ 48. Kh3 Qd2 49. Qe5+ Kh7 50. Qe7 Kg8 51. Qe8+ Kg7 52. Qe5+ Kf8 53. Qb8+ Kg7 54. Qe5+ Kh7 1/2-1/2

[Event "URS Spartakiad"]
[Site "URS"]
[Date "1979.??.??"]
[Round "?"]
[White "Lutikov, Anatoly S"]
[Black "Tal, Mihail"]
[Result "1/2-1/2"]
[WhiteElo "2515"]
[BlackElo "2615"]
[PlyCount "54"]
[EventDate "1979.??.??"]
[Source "ChessBase"]

1. e4 c5 2. Nf3 d6 3. d4 cxd4 4. Nxd4 Nf6 5. Nc3 e6 6. g3 Be7 7. Bg2 O-O 8. O-O Nc6 9. b3 a6 10. Nxc6 bxc6 11. Na4 d5 12. exd5 cxd5 13. c4 Bd7 14. cxd5 Nxd5 15. Bb2 Bf6 16. Bxf6 Qxf6 17. Qg4 Bb5 18. Rfe1 Rac8 19. Rac1 Nc3 20. Nxc3 Rxc3 21. a4 Rfc8 22. Rxc3 Qxc3 23. Qd1 Bc6 24. Re3 Qc5 25. Bxc6 Qxc6 26. Qf3 Qxf3 27. Rxf3 Kf8 1/2-1/2

[Event "5th Open"]
[Site "Dubai"]
[Date "2003.04.28"]
[Round "8"]
[White "Guseinov, Kadir"]
[Black "Timofeev, Artyom"]
[Result "1/2-1/2"]
[WhiteElo "2505"]
[BlackElo "2577"]
[PlyCount "42"]
[EventDate "2003.04.21"]
[Source "Roberto Alvarez"]
[SourceDate "2003.05.05"]

1. e4 c5 2. Nf3 d6 3. d4 cxd4 4. Nxd4 Nf6 5. Nc3 e6 6. g3 Nc6 7. Bg2 Bd7 8. O-O a6 9. Nxc6 Bxc6 10. a4 Be7 11. Be3 O-O 12. a5 Rc8 13. Re1 Nd7 14. Na4 Qc7 15. Nb6 Nxb6 16. Bxb6 Qd7 17. c4 f5 18. b3 Bd8 19. Bxd8 Rcxd8 20. Qd2 fxe4 21. Bxe4 d5 1/2-1/2

[Event "Pucarevo (zt)"]
[Site "?"]
[Date "1987.??.??"]
[Round "?"]
[White "Popovic, P."]
[Black "Hulak, K."]
[Result "1-0"]
[WhiteElo "2540"]
[BlackElo "2540"]
[PlyCount "115"]
[EventDate "1987.??.??"]
[Source "ChessBase"]
[SourceDate "1987.01.01"]

1. e4 c5 2. Nf3 d6 3. d4 cxd4 4. Nxd4 Nf6 5. Nc3 e6 6. g3 Nc6 7. Bg2 Bd7 8. O-O Be7 9. Ndb5 Qb8 10. Bg5 a6 11. Bxf6 gxf6 12. Nd4 Qa7 13. Nce2 Rc8 14. c3 O-O 15. Kh1 Kh8 16. f4 Na5 17. b3 b5 18. f5 Nc6 19. Qd2 Nxd4 20. Nxd4 e5 21. Nc2 Bc6 22. Nb4 Bb7 23. a4 Qc5 24. Rfc1 bxa4 25. Rxa4 a5 26. Nd5 Bxd5 27. exd5 Rg8 28. Rb1 Qxc3 29. Qxc3 Rxc3 30. Rxa5 Rb8 31. Ra7 Bd8 32. Rxf7 Rc7 33. Rxc7 Bxc7 34. Bf1 Ba5 35. Ra1 Bb4 36. Bc4 Bc5 37. Kg2 Kg7 38. Kf3 Kf7 39. Ra5 Ke7 40. Kg4 Rg8+ 41. Kf3 Rb8 42. Kg4 Rg8+ 43. Kh4 Bg1 44. Ra2 Rb8 45. Rg2 Bc5 46. Kh5 Kf7 47. h4 Ra8 48. g4 h6 49. Rc2 Kg7 50. Bb5 Ra7 51. Rc4 Rb7 52. b4 Rxb5 53. bxc5 dxc5 54. d6 Rb6 55. Rxc5 Rxd6 56. Rc7+ Kf8 57. Kxh6 Rd4 58. g5 1-0

[Event "Munich zt"]
[Site "Munich"]
[Date "1987.??.??"]
[Round "?"]
[White "Lau, Ralf"]
[Black "Gruenfeld, Yehuda"]
[Result "0-1"]
[WhiteElo "2535"]
[BlackElo "2540"]
[PlyCount "80"]
[EventDate "1987.01.??"]
[Source "ChessBase"]

1. e4 c5 2. Nf3 d6 3. d4 cxd4 4. Nxd4 Nf6 5. Nc3 e6 6. g3 Be7 7. Bg2 O-O 8. O-O Nc6 9. Nb3 a6 10. a4 Bd7 11. a5 Ne5 12. Qe2 Qc7 13. f4 Nc4 14. Kh1 e5 15. f5 Bb5 16. Qf3 h6 17. g4 Qd8 18. Qh3 Bc6 19. g5 hxg5 20. Bxg5 Nh7 21. Bc1 Bg5 22. Rg1 Qf6 23. Bf1 Bxc1 24. Bxc4 Ng5 25. Qg4 Bf4 26. Rae1 Qh6 27. Rg2 Kh8 28. Nd5 Rae8 29. c3 Bxd5 30. Bxd5 Nh7 31. Qd1 Re7 32. Na1 g5 33. fxg6 fxg6 34. Nc2 Nf6 35. Nb4 Rh7 36. Qe2 g5 37. Be6 Nh5 38. Bf5 Ng3+ 39. Rxg3 Bxg3 40. Bxh7 Rf2 0-1

[Event "6th Parsvnath Open"]
[Site "New Delhi IND"]
[Date "2008.01.19"]
[Round "9"]
[White "Ganguly, S."]
[Black "Gupta, Ab"]
[Result "0-1"]
[WhiteElo "2579"]
[BlackElo "2495"]
[PlyCount "68"]
[EventDate "2008.01.13"]
[Source "www.chesslib.no"]
[SourceDate "2004.05.04"]

1. e4 c5 2. Nf3 d6 3. d4 cxd4 4. Nxd4 Nf6 5. Nc3 e6 6. g3 Be7 7. Bg2 O-O 8. O-O Qc7 9. Ndb5 Qd8 10. Bf4 Ne8 11. e5 d5 12. Be3 Nc6 13. f4 f6 14. exf6 Bxf6 15. Bc5 Rf7 16. f5 a6 17. fxe6 Bxe6 18. Nd4 Bxd4+ 19. Bxd4 Rxf1+ 20. Kxf1 Nxd4 21. Qxd4 Nf6 22. Kg1 Rc8 23. Rd1 h6 24. Rd2 b5 25. Ne2 Bf7 26. Nf4 Rc4 27. Qe3 Ng4 28. Qa7 Qf6 29. Qa8+ Kh7 30. Bxd5 Qb6+ 31. Kh1 Qe3 32. Re2 Rxf4 33. Be4+ Rxe4 34. Rxe3 Rxe3 0-1

[Event "Belgrade IKO"]
[Site "Belgrade"]
[Date "1992.??.??"]
[Round "5"]
[White "Popovic, Petar"]
[Black "Shipov, Sergei"]
[Result "1/2-1/2"]
[WhiteElo "2535"]
[BlackElo "2490"]
[PlyCount "122"]
[EventDate "1992.07.??"]
[Source "ChessBase"]

1. e4 c5 2. Nf3 d6 3. d4 cxd4 4. Nxd4 Nf6 5. Nc3 e6 6. g3 a6 7. Bg2 Qc7 8. O-O Be7 9. Be3 O-O 10. g4 Nc6 11. g5 Nd7 12. f4 Re8 13. Kh1 Nxd4 14. Bxd4 b5 15. f5 Ne5 16. f6 Bf8 17. fxg7 Bxg7 18. Qh5 Bb7 19. Rf4 Ng6 20. Bxg7 Kxg7 21. Rf6 Re7 22. Raf1 Kh8 23. Nd1 Rg8 24. Ne3 Ne5 25. Ng4 Rg7 26. Nxe5 dxe5 27. c3 Qc4 28. Qh4 Kg8 29. Rd1 Qc7 30. Qg3 Bc6 31. h4 Kh8 32. h5 Rd7 33. Rdf1 Re7 34. h6 Rg6 35. Rxg6 hxg6 36. Qf2 f5 37. gxf6 Rf7 38. Qg3 Kh7 39. Qg5 Qd6 40. Kg1 a5 41. a3 b4 42. axb4 axb4 43. Kh2 bxc3 44. bxc3 Qc5 45. Rd1 Qf2 46. Rf1 Qc5 47. Qg3 Qd6 48. Rf2 Qc5 49. Bh3 Qd6 50. Qe3 Qf8 51. Qg5 Qc5 52. Rg2 Bxe4 53. Bxe6 Bxg2 54. Bxf7 Be4 55. Qd2 Qb6 56. Qe2 Bb7 57. Qf1 Qb2+ 58. Kg1 Qxc3 59. Bxg6+ Kxh6 60. Bd3 Qd4+ 61. Kh2 Qf4+ 1/2-1/2

[Event "Mind Sports Games - Blitz Ind"]
[Site "Pechino CINA"]
[Date "2008.10.04"]
[Round "5"]
[White "Livshits, G."]
[Black "Fier, A."]
[Result "0-1"]
[WhiteElo "2427"]
[BlackElo "2581"]
[PlyCount "90"]
[EventDate "2008.10.04"]
[Source "www.chesslib.no"]
[SourceDate "2004.05.04"]

1. e4 c5 2. Nf3 d6 3. d4 cxd4 4. Nxd4 Nf6 5. Nc3 e6 6. g3 Nc6 7. Bg2 Bd7 8. O-O Be7 9. Nb3 O-O 10. a4 Rc8 11. Be3 a6 12. a5 Qc7 13. Na4 Ne5 14. Nb6 Rce8 15. Nxd7 Nfxd7 16. Qe2 Rc8 17. c3 Qc4 18. Qc2 Ng4 19. Bf4 Nge5 20. Rfd1 Rfd8 21. Rd4 Qc7 22. Rad1 Nc4 23. Bf1 Nde5 24. Bxe5 Nxe5 25. Be2 Nc6 26. Ra4 Bf6 27. f4 g6 28. Kg2 Bg7 29. Bf3 Ne7 30. Rb4 Nc6 31. Rc4 Qe7 32. Qf2 Nb8 33. Rxc8 Rxc8 34. Qb6 Nc6 35. e5 d5 36. Nc5 Nxa5 37. Qxa5 Rxc5 38. Qb6 Rb5 39. Qf2 Bf8 40. b4 Qc7 41. Qd4 Rb6 42. Rc1 Rxb4 43. cxb4 Qxc1 44. Be2 Qc2 45. Kf1 Qb1+ 0-1

[Event "Mind Sports Games - Blitz Ind"]
[Site "Pechino CINA"]
[Date "2008.10.04"]
[Round "2"]
[White "Livshits, G."]
[Black "Sandipan, C."]
[Result "0-1"]
[WhiteElo "2427"]
[BlackElo "2579"]
[PlyCount "97"]
[EventDate "2008.10.04"]
[Source "www.chesslib.no"]
[SourceDate "2004.05.04"]

1. e4 c5 2. Nf3 d6 3. d4 cxd4 4. Nxd4 Nf6 5. Nc3 e6 6. g3 a6 7. Bg2 Be7 8. O-O Qc7 9. Be3 Nc6 10. Nxc6 bxc6 11. Na4 O-O 12. c4 Rb8 13. b3 Nd7 14. Rc1 c5 15. f4 Bb7 16. Qd3 Rbd8 17. Rcd1 Nb8 18. g4 Nc6 19. g5 Rfe8 20. Nc3 Bf8 21. Ne2 d5 22. Ng3 Nb4 23. Qe2 dxc4 24. Qxc4 a5 25. Rxd8 Rxd8 26. Rf2 Ba6 27. Qc3 Rd3 28. Qc1 Qd7 29. Nf1 Rd1 30. Rd2 Rxd2 31. Qxd2 Qxd2 32. Bxd2 Nxa2 33. Bxa5 Nc1 34. Nd2 Bd3 35. Bf1 Bxf1 36. Kxf1 Nd3 37. Bc7 Be7 38. Ke2 Nb4 39. Nc4 Nc6 40. Kd3 Nd4 41. b4 Nb5 42. bxc5 Nxc7 43. Nd6 Kf8 44. Nb7 Na6 45. Kc4 Nc7 46. Nd6 e5 47. fxe5 Bxg5 48. Nf5 Bf4 49. Kd4 0-1

[Event "Zenica"]
[Site "Zenica BIH"]
[Date "1989.??.??"]
[Round "7"]
[White "Popovic, Petar"]
[Black "Mascarinas, Rico"]
[Result "1-0"]
[WhiteElo "2535"]
[BlackElo "2465"]
[PlyCount "115"]
[EventDate "1989.04.??"]
[Source "www.chesslib.no"]
[SourceDate "2004.05.04"]

1. e4 c5 2. Nf3 d6 3. d4 cxd4 4. Nxd4 Nf6 5. Nc3 e6 6. g3 Nc6 7. Bg2 Nxd4 8. Qxd4 Qc7 9. O-O Bd7 10. a4 a6 11. a5 Be7 12. Be3 O-O 13. Qd2 Rac8 14. Bb6 Qb8 15. Rfe1 Bc6 16. Nd5 exd5 17. exd5 Nxd5 18. Bxd5 Bd8 19. Bxd8 Rcxd8 20. Re7 Rde8 21. Rae1 Rxe7 22. Rxe7 Qd8 23. Re3 Qc7 24. Rd3 Rd8 25. b3 h6 26. h4 Qe7 27. c4 Rc8 28. Bxc6 Rxc6 29. Re3 Qd7 30. Qd4 Rc5 31. b4 Rc7 32. Qd3 Rc8 33. Re4 Qc6 34. Qd4 Kf8 35. Rg4 f6 36. Re4 Re8 37. Rxe8+ Kxe8 38. Qd3 Kf7 39. h5 Kf8 40. Kh2 Kf7 41. Qd4 Qf3 42. Kg1 Qc6 43. Qd3 Kf8 44. b5 Qc5 45. Kg2 axb5 46. cxb5 d5 47. Kg1 Ke7 48. Qb1 Kd6 49. a6 bxa6 50. bxa6 Qc7 51. Qb5 Qa7 52. Kg2 Qc7 53. Qb4+ Ke6 54. Qa4 Qa7 55. Qc6+ Ke5 56. Qb7 Qd4 57. a7 Qe4+ 58. Kh2 1-0

[Event "ESP-chT"]
[Site "Barcelona"]
[Date "2000.08.07"]
[Round "3"]
[White "Fluvia Poyatos, Joan"]
[Black "Vera, Reynaldo"]
[Result "0-1"]
[WhiteElo "2403"]
[BlackElo "2584"]
[PlyCount "80"]
[EventDate "2000.08.05"]
[Source "ChessBase"]
[SourceDate "2000.09.14"]

1. e4 c5 2. Nf3 d6 3. d4 cxd4 4. Nxd4 Nf6 5. Nc3 e6 6. g3 Nc6 7. Bg2 Bd7 8. O-O a6 9. Kh1 Be7 10. f4 O-O 11. h3 Rc8 12. a4 Re8 13. g4 Nxd4 14. Qxd4 Bc6 15. g5 Nh5 16. Qf2 d5 17. f5 Bd6 18. fxe6 Ng3+ 19. Qxg3 Bxg3 20. exf7+ Kh8 21. fxe8=Q+ Qxe8 22. exd5 Bd7 23. Bf4 Bxf4 24. Rxf4 g6 25. Rd1 Qe3 26. Rf3 Qxg5 27. Rf7 Qh5 28. Rd2 Re8 29. Re2 Rxe2 30. Nxe2 Bxh3 31. Bxh3 Qxe2 32. Bg2 Qe1+ 33. Kh2 Qe5+ 34. Kh1 Qe1+ 35. Kh2 Qe5+ 36. Kh1 h5 37. Rxb7 g5 38. Ra7 g4 39. d6 Qe1+ 40. Kh2 g3+ 0-1

[Event "Podolsk"]
[Site "?"]
[Date "1989.??.??"]
[Round "?"]
[White "Kuzmin, A."]
[Black "Makarov, M."]
[Result "1/2-1/2"]
[WhiteElo "2475"]
[BlackElo "2505"]
[PlyCount "59"]
[EventDate "1989.??.??"]
[Source "ChessBase"]
[SourceDate "1989.07.01"]

1. e4 c5 2. Nf3 d6 3. d4 cxd4 4. Nxd4 Nf6 5. Nc3 e6 6. g3 Bd7 7. Bg2 Nc6 8. O-O Be7 9. Nce2 h5 10. h3 Nxd4 11. Nxd4 g6 12. c4 e5 13. Nb5 Be6 14. Bg5 O-O 15. b3 Ne8 16. Be3 a6 17. Nc3 h4 18. f4 Ng7 19. g4 exf4 20. Bxf4 b5 21. cxb5 Qb6+ 22. Kh1 axb5 23. e5 dxe5 24. Bxe5 Rad8 25. Qe2 b4 26. Ne4 f5 27. Qb2 Ne8 28. gxf5 Rxf5 29. Rae1 Rxf1+ 30. Rxf1 1/2-1/2

[Event "Arandjelovac"]
[Site "Arandjelovac"]
[Date "1993.??.??"]
[Round "8"]
[White "Matulovic, Milan"]
[Black "Makarov, Marat"]
[Result "1/2-1/2"]
[WhiteElo "2460"]
[BlackElo "2515"]
[PlyCount "39"]
[EventDate "1993.04.??"]
[Source "ChessBase"]

1. e4 c5 2. Nf3 d6 3. d4 cxd4 4. Nxd4 Nf6 5. Nc3 e6 6. g3 Nc6 7. Bg2 Bd7 8. O-O Be7 9. Ndb5 Qb8 10. Bg5 a6 11. Bxf6 gxf6 12. Nd4 h5 13. h3 Qc7 14. Nce2 Qb6 15. Qd2 Ne5 16. b3 Qc5 17. a4 Rc8 18. c3 Nc6 19. Rac1 Qb6 20. Rb1 1/2-1/2

[Event "Dordrecht"]
[Site "Dordrecht"]
[Date "1988.??.??"]
[Round "?"]
[White "Lau, Ralf"]
[Black "Riemersma, Liafbern"]
[Result "1-0"]
[WhiteElo "2540"]
[BlackElo "2420"]
[PlyCount "83"]
[EventDate "1988.02.??"]
[Source "ChessBase"]

1. e4 c5 2. Nf3 d6 3. d4 cxd4 4. Nxd4 Nf6 5. Nc3 e6 6. g3 Nc6 7. Bg2 Bd7 8. O-O Be7 9. Nb3 O-O 10. g4 d5 11. exd5 Nxd5 12. Nxd5 exd5 13. c3 a5 14. a4 Be6 15. h3 Qd7 16. f4 d4 17. Nxd4 Rad8 18. Nxc6 Qxd1 19. Nxe7+ Kh8 20. Rxd1 Rxd1+ 21. Kf2 Re8 22. Bf3 Rxc1 23. Rxc1 Rxe7 24. Rd1 g6 25. Rd8+ Kg7 26. Rb8 Rc7 27. Rxb7 Rc4 28. Bd1 Rxf4+ 29. Kg3 Rf1 30. Bb3 Bxb3 31. Rxb3 Ra1 32. Ra3 Rxa3 33. bxa3 f6 34. Kf4 Kf7 35. h4 Ke6 36. Ke4 Kd6 37. Kd4 h5 38. gxh5 gxh5 39. Ke4 Kc5 40. Kf5 Kc4 41. Kxf6 Kb3 42. c4 1-0

[Event "Liechtenstein op"]
[Site "Liechtenstein"]
[Date "1996.??.??"]
[Round "6"]
[White "Atlas, Valeri"]
[Black "Bischoff, Klaus"]
[Result "1/2-1/2"]
[WhiteElo "2440"]
[BlackElo "2520"]
[PlyCount "61"]
[EventDate "1996.05.??"]
[Source "www.chesslib.no"]
[SourceDate "2004.05.04"]

1. e4 c5 2. Nf3 d6 3. d4 cxd4 4. Nxd4 Nf6 5. Nc3 e6 6. g3 Be7 7. Bg2 O-O 8. O-O a6 9. a4 Qc7 10. Be3 Nc6 11. Qe2 Nd7 12. Rad1 Nxd4 13. Bxd4 Re8 14. f4 Rb8 15. g4 b6 16. g5 Bb7 17. Qf2 Bd8 18. Be3 Bc6 19. Qh4 b5 20. axb5 axb5 21. Rf3 b4 22. Rh3 Nf8 23. Ne2 Qb7 24. Ng3 Bb6 25. Bxb6 Qxb6+ 26. Kh1 Qf2 27. Rg1 Qxc2 28. Nh5 Bxe4 29. Nf6+ gxf6 30. gxf6 Kh8 31. Qh6 1/2-1/2

[Event "Porz"]
[Site "Porz"]
[Date "1992.??.??"]
[Round "2"]
[White "Holzke, Frank"]
[Black "Mainka, Romuald"]
[Result "1/2-1/2"]
[WhiteElo "2400"]
[BlackElo "2550"]
[PlyCount "52"]
[EventDate "1992.08.??"]
[Source "ChessBase"]

1. e4 c5 2. Nf3 d6 3. d4 cxd4 4. Nxd4 Nf6 5. Nc3 e6 6. g3 a6 7. Bg2 Qc7 8. O-O Be7 9. Be3 O-O 10. f4 Nc6 11. Nxc6 bxc6 12. Na4 Bb7 13. c4 c5 14. Nc3 Rad8 15. Rc1 Nd7 16. g4 Rfe8 17. g5 Bf8 18. Qf3 f6 19. h4 f5 20. Qf2 g6 21. Rfd1 Nb6 22. b3 Bg7 23. exf5 exf5 24. Nd5 Nxd5 25. cxd5 Qf7 26. Qd2 Re7 1/2-1/2

[Event "Leukerbad"]
[Site "?"]
[Date "1992.??.??"]
[Round "?"]
[White "Atlas, V."]
[Black "Brenninkmeijer, J."]
[Result "1/2-1/2"]
[WhiteElo "2450"]
[BlackElo "2485"]
[PlyCount "69"]
[EventDate "1992.??.??"]
[Source "ChessBase"]
[SourceDate "1992.10.01"]

1. e4 c5 2. Nf3 d6 3. d4 cxd4 4. Nxd4 Nf6 5. Nc3 e6 6. g3 Nc6 7. Bg2 Bd7 8. O-O Be7 9. a4 O-O 10. Re1 a6 11. Nxc6 Bxc6 12. a5 Qc7 13. Be3 Nd7 14. Na4 Rae8 15. Nb6 f5 16. Nxd7 Qxd7 17. Qd3 Bf6 18. Bd4 Bxd4 19. Qxd4 fxe4 20. Bxe4 e5 21. Bd5+ Kh8 22. Qe4 Bxd5 23. Qxd5 Rc8 24. c3 Rc5 25. Qd2 Qc6 26. Rad1 Rf6 27. b4 Rxc3 28. Rxe5 h6 29. Re8+ Qxe8 30. Qxc3 Qe2 31. Qd2 Qg4 32. Rc1 Re6 33. Qd3 Qe4 34. Qxe4 Rxe4 35. Rb1 1/2-1/2

[Event "Graz Open"]
[Site "Graz AUT"]
[Date "1987.??.??"]
[Round "3"]
[White "Radulov, Ivan G"]
[Black "Cebalo, Miso"]
[Result "1/2-1/2"]
[WhiteElo "2435"]
[BlackElo "2500"]
[PlyCount "58"]
[EventDate "1987.10.??"]
[Source "www.chesslib.no"]
[SourceDate "2004.05.04"]

1. e4 c5 2. Nf3 d6 3. d4 cxd4 4. Nxd4 Nf6 5. Nc3 e6 6. g3 Nc6 7. Bg2 Bd7 8. O-O Be7 9. Nxc6 Bxc6 10. Be3 O-O 11. a4 a6 12. Re1 Nd7 13. Nd5 Bxd5 14. exd5 e5 15. a5 Bg5 16. c4 Rc8 17. Bxg5 Qxg5 18. Rc1 f5 19. b4 e4 20. Qb3 Ne5 21. Rc2 Qf6 22. Rb1 h5 23. c5 Kh7 24. f3 dxc5 25. bxc5 Nd3 26. Qc3 Qxc3 27. Rxc3 Rxc5 28. Rxc5 Nxc5 29. fxe4 Nxe4 1/2-1/2

[Event "Spring Open"]
[Site "Budapest HUN"]
[Date "1989.??.??"]
[Round "?"]
[White "Kholmov, Ratmir D"]
[Black "Ruban, Vadim"]
[Result "0-1"]
[WhiteElo "2510"]
[BlackElo "2420"]
[PlyCount "119"]
[EventDate "1989.03.??"]
[Source "www.chesslib.no"]
[SourceDate "2004.05.04"]

1. e4 c5 2. Nf3 d6 3. d4 cxd4 4. Nxd4 Nf6 5. Nc3 e6 6. g3 Nc6 7. Bg2 Bd7 8. O-O Be7 9. Nxc6 Bxc6 10. a4 O-O 11. Be3 Qc7 12. Re1 Rfd8 13. Nb5 Qb8 14. c4 b6 15. Bf4 Qb7 16. Qe2 Rac8 17. b3 Qb8 18. Rad1 Ne8 19. g4 a6 20. Nd4 Ba8 21. g5 g6 22. Bc1 Nc7 23. Bh3 Qb7 24. f4 Rb8 25. Bg2 e5 26. fxe5 dxe5 27. Nf3 Ne6 28. Nxe5 Nxg5 29. Rd5 Qc7 30. Nxg6 hxg6 31. Rxg5 Bxg5 32. Bxg5 Re8 33. Qf2 Qc5 34. Be3 Qc6 35. Bd4 Rbd8 36. Bxb6 Rd3 37. Bd4 Qd6 38. Ba1 Rd1 39. Bf3 Rxe1+ 40. Qxe1 Qd3 41. Qc3 Qxc3 42. Bxc3 Bxe4 43. Kf2 Bc2 44. b4 Bxa4 45. Bb7 Re6 46. Bd5 Re7 47. Bf6 Re8 48. c5 Bb5 49. h4 Re2+ 50. Kf3 Re1 51. Bg5 Re5 52. Bb7 Re6 53. Bd5 Re2 54. Bc6 Rb2 55. Bxb5 axb5 56. Ke4 Rxb4+ 57. Kd5 Kf8 58. Kc6 Ke8 59. Kb7 Rc4 60. c6 0-1

[Event "Budapest FS04 GM"]
[Site "Budapest"]
[Date "1996.??.??"]
[Round "4"]
[White "Videki, Sandor"]
[Black "Stocek, Jiri"]
[Result "1/2-1/2"]
[WhiteElo "2460"]
[BlackElo "2465"]
[PlyCount "75"]
[EventDate "1996.04.??"]
[Source "ChessBase"]

1. e4 c5 2. Nf3 d6 3. d4 cxd4 4. Nxd4 Nf6 5. Nc3 e6 6. g3 Be7 7. Bg2 O-O 8. O-O Nc6 9. a4 a6 10. Nb3 Rb8 11. f4 b5 12. axb5 axb5 13. Be3 b4 14. Nb1 d5 15. e5 Nd7 16. N1d2 f6 17. exf6 Bxf6 18. Ra2 Kh8 19. Nf3 Nb6 20. Nbd4 Bd7 21. Nxc6 Bxc6 22. Bd4 Nc4 23. Re1 Bd7 24. b3 Nd6 25. Ne5 Be8 26. Ra6 Qc7 27. Qd2 Ne4 28. Bxe4 dxe4 29. Ra7 Qd6 30. Qe3 Rc8 31. Re2 Kg8 32. Rd2 Rd8 33. g4 Bf7 34. Qxe4 Bg6 35. Qe3 Bf7 36. Nf3 Bxd4 37. Nxd4 Qb6 38. Ra1 1/2-1/2

[Event "Brno Morava-B"]
[Site "Brno"]
[Date "1991.??.??"]
[Round "5"]
[White "Kholmov, Ratmir D"]
[Black "Polgar, Sofia"]
[Result "1-0"]
[WhiteElo "2495"]
[BlackElo "2430"]
[PlyCount "109"]
[EventDate "1991.09.??"]
[Source "ChessBase"]

1. e4 c5 2. Nf3 d6 3. d4 cxd4 4. Nxd4 Nf6 5. Nc3 e6 6. g3 Be7 7. Bg2 O-O 8. O-O a6 9. b3 Qc7 10. Bb2 Nc6 11. Nce2 e5 12. Nxc6 bxc6 13. c4 Bb7 14. Rc1 Rad8 15. Qd2 Qb8 16. Nc3 Rfe8 17. Rfd1 Nd7 18. Na4 Nf8 19. c5 Ne6 20. Qc3 Nd4 21. Qe1 dxc5 22. Nxc5 Bxc5 23. Rxc5 Qd6 24. Bxd4 exd4 25. Qa5 Rd7 26. Rc4 d3 27. Rc3 g6 28. Rcxd3 Qxd3 29. Rxd3 Rxd3 30. h4 Rd1+ 31. Kh2 c5 32. Qxc5 Bxe4 33. Bxe4 Rxe4 34. Qc2 Ree1 35. Kg2 Rd8 36. h5 gxh5 37. Qf5 Ra8 38. Qxh5 Re6 39. f4 h6 40. f5 Rf6 41. Qh4 Kg7 42. Qg4+ Kh7 43. Qd4 Kg7 44. g4 Rb8 45. Kg3 Rbb6 46. Kh4 Rbd6 47. Qe5 Rd1 48. b4 Rh1+ 49. Kg3 h5 50. Qe3 Kh7 51. Qd4 Rc6 52. Qd5 Rcc1 53. Qxf7+ Kh8 54. Kf4 Rcg1 55. Kg5 1-0

[Event "DSV-Turnier"]
[Site "Halle GER"]
[Date "1978.??.??"]
[Round "4"]
[White "Kholmov, Ratmir D"]
[Black "Fernandez, Juan C"]
[Result "1/2-1/2"]
[WhiteElo "2550"]
[BlackElo "2370"]
[PlyCount "92"]
[EventDate "1978.11.05"]
[Source "www.chesslib.no"]
[SourceDate "2004.05.04"]

1. e4 c5 2. Nf3 d6 3. d4 cxd4 4. Nxd4 Nf6 5. Nc3 e6 6. g3 Nc6 7. Bg2 Bd7 8. Ndb5 Qb8 9. Bf4 Ne5 10. O-O a6 11. Nd4 Be7 12. a4 O-O 13. b3 Qc7 14. Bd2 Nc6 15. Nxc6 Bxc6 16. Qe2 b6 17. Rfe1 Bb7 18. Rac1 Rfd8 19. Nb1 d5 20. exd5 Nxd5 21. Red1 Bc5 22. c4 Nb4 23. Bg5 Rxd1+ 24. Rxd1 Bxg2 25. Kxg2 h6 26. Bf4 Qc6+ 27. Kg1 Re8 28. Be3 e5 29. Bxc5 Qxc5 30. Qe3 e4 31. Qxc5 bxc5 32. Nc3 e3 33. Kf1 Nc2 34. Ne2 exf2 35. Kxf2 Ne3 36. Rd2 Ng4+ 37. Kg2 Re3 38. Rb2 g5 39. h3 Nf6 40. Ng1 Nh5 41. Nf3 f5 42. Kf2 Rc3 43. Rd2 Rxb3 44. Rd6 Rb2+ 45. Kg1 Rb1+ 46. Kf2 Rb2+ 1/2-1/2

[Event "Spartakiade tt 8th"]
[Site "Moscow RUS"]
[Date "1983.??.??"]
[Round "3"]
[White "Mnatsakanian, Eduard A"]
[Black "Zaichik, Gennadi L"]
[Result "1/2-1/2"]
[WhiteElo "2435"]
[BlackElo "2480"]
[PlyCount "43"]
[EventDate "1983.07.??"]
[Source "www.chesslib.no"]
[SourceDate "2004.05.04"]

1. e4 c5 2. Nf3 d6 3. d4 cxd4 4. Nxd4 Nf6 5. Nc3 e6 6. g3 Nc6 7. Bg2 Bd7 8. O-O Be7 9. Re1 O-O 10. Nxc6 Bxc6 11. a4 a6 12. a5 Qc7 13. Be3 Nd7 14. Na4 Bxa4 15. Rxa4 Rfc8 16. c3 Ne5 17. Bf1 Nc6 18. Qa1 Bd8 19. Bb6 Qe7 20. Be3 Qc7 21. Bb6 Qe7 22. Be3 1/2-1/2

[Event "Budapest FS04 GM"]
[Site "Budapest"]
[Date "1997.??.??"]
[Round "5"]
[White "Cao Sang"]
[Black "Stocek, Jiri"]
[Result "1/2-1/2"]
[WhiteElo "2465"]
[BlackElo "2450"]
[PlyCount "93"]
[EventDate "1997.04.??"]
[Source "ChessBase"]

1. e4 c5 2. Nf3 d6 3. d4 cxd4 4. Nxd4 Nf6 5. Nc3 e6 6. g3 Be7 7. Bg2 O-O 8. O-O Nc6 9. Be3 Bd7 10. Qe2 Nxd4 11. Bxd4 e5 12. Be3 Qa5 13. Bg5 Be6 14. Rfd1 Rac8 15. Bxf6 Bxf6 16. Nd5 Bd8 17. a4 Qc5 18. c3 a5 19. Ra3 Qa7 20. Raa1 Kh8 21. Bf3 h6 22. Bg4 Rc6 23. Kg2 Qb8 24. Qf3 Kg8 25. h3 b5 26. Qe2 bxa4 27. Rxa4 Qb7 28. b4 axb4 29. cxb4 Rc8 30. Qa2 Kh8 31. Ra7 Qc6 32. Ra6 Qd7 33. Ra7 Qc6 34. Qe2 f5 35. Bf3 Bxd5 36. Rxd5 Bb6 37. Ra2 f4 38. g4 Rfd8 39. g5 hxg5 40. Bg4 Rf8 41. Qf3 Rb8 42. Rdd2 Qc4 43. Rac2 Qxb4 44. Rb2 Qc5 45. Rbc2 Qb4 46. Rb2 Qc5 47. Rbc2 1/2-1/2